Macroeconomía básica
Gardado en:
| Main Authors: | , |
|---|---|
| Formato: | Libro |
| Idioma: | Lingua castelá |
| Publicado: |
Ciudad de México
Interamericana
1976
|
| Subjects: | |
| Tags: |
Engadir etiqueta
Sen Etiquetas, Sexa o primeiro en etiquetar este rexistro!
|
MARC
| LEADER | 00000nam a2200000 a 4500 | ||
|---|---|---|---|
| 001 | UCQ1301 | ||
| 003 | CL-VaPUC | ||
| 008 | 980709e19760000MX |||||||||||||||||spa|d | ||
| 082 | 0 | 4 | |a 339 |b LIN |2 21 |
| 100 | |a Lindsey, David |e autor |9 568235 | ||
| 700 | 0 | |a Dolan, Edwin G |e author |9 415046 | |
| 245 | 1 | 0 | |a Macroeconomía básica |
| 300 | |a 259 p | ||
| 942 | |c BK | ||
| 945 | |d 19980709 00:00:00 |a crobeson | ||
| 260 | |a Ciudad de México |b Interamericana |c 1976 | ||
| 650 | 0 | |a Análisis macroeconómico |9 358711 | |
| 650 | 0 | |a Teorías económicas |9 270968 | |
| 650 | 0 | |a Economía |9 255568 | |
| 650 | 0 | |a Microeconomía |9 258126 | |
| 650 | 7 | |a RENTA |2 CL-VaPUC |9 358792 | |
| 650 | 7 | |a CONSUMISMO |2 CL-VaPUC |9 415048 | |
| 650 | 0 | |a Capital |9 263726 | |
| 650 | 0 | |a Mercado financiero |9 334172 | |
| 650 | 0 | |a Moneda |9 342365 | |
| 650 | 0 | |a Oferta y demanda |9 255571 | |
| 650 | 0 | |a Trabajo y empleo |9 315054 | |
| 650 | 0 | |a Política económica |9 255029 | |
| 650 | 0 | |a Desarrollo económico y social |9 256320 | |
| 583 | |a last modification |c 19980709 00:00:00 |k Rodrigo Vera | ||
| 999 | |c 272303 |d 272301 | ||
| 952 | |0 0 |1 0 |4 0 |6 339_000000000000000_LIN_1976 |7 0 |8 A |9 307198 |a BIBENE |b BIBENE |d 2019-11-20 |i 1435132 |o 339 LIN 1976 |p 1435132 |r 2025-01-15 |w 2019-11-20 |y BK |k ICO | ||